40 vragen over van alles en nog wat - Quiz 7 - Statistieken

Algemene statistieken
  • Deze quiz is 15 keer genomen
  • De gemiddelde score is 11 van 40
Antwoordstatistieken
Hint Antwoord % Correct
Welke schaal geeft de kracht van een aardbeving aan Richter
69%
Noem 4 waddeneilanden 2 Terschelling
69%
Wat is de hoofdstad van Albanië Tirana
69%
Wat was de familienaam van Rembrandt van Rijn
69%
Noem 4 waddeneilanden 1 Vlieland
69%
Noem 4 waddeneilanden 3 Ameland
62%
Noem 4 waddeneilanden 4 Schiermonnikoog
62%
Welke autoweg is de tweede langste van Nederland A 2
54%
Noem de derde grootste stad van Europa(excl Azie)(incl voorsteden) Parijs
54%
Wanneer was de watersnoodramp 1953
46%
Noem de vierde grootste stad van Europa(excl Azie)(incl voorsteden) Madrid
46%
Hoeveel premiers had Nederland vanaf 1945 16
38%
Noem de dorpen van/op het eiland Texel 1 Den Burg
38%
Meest voorkomende woord in de Bijbel En
38%
Hoe heet de rode strip kat die je in strips ziet Garfield
38%
Welke autoweg is de langste van Nederland A 7
31%
Noem de dorpen van/op het eiland Texel 7 De Cocksdorp
23%
Noem de dorpen van/op het eiland Texel 4 De Koog
23%
Noem de dorpen van/op het eiland Texel 2 Den Hoorn
23%
Noem de vijfde grootste stad van Europa(excl Azie)(incl voorsteden) Milaan
23%
In welk jaar werd Rembrandt geboren(er is sprake van 2 jaartallen) 1606
15%
In welk jaar werd Rembrandt geboren(er is sprake van 2 jaartallen) 1607
15%
Water tussen Groningen en Duitsland 1 Eems
15%
Noem de dorpen van/op het eiland Texel 5 Oosterend
15%
Geef een ander woord voor opvoedkunde Pedagogiek
15%
Hoe noem je de mensen op Texel(mv) Texelaars
15%
Hoe heet het financiële hart van Londen The City
15%
Buiten verblijf van de Amerikaanse president Camp David
8%
Noem de dorpen van/op het eiland Texel 6 De Waal
8%
Water tussen Groningen en Duitsland 2 Dollard
8%
In welke stad ligt deze grootste binnenhaven Duisburg
8%
In welk land ligt de grootste binnenhaven ter wereld Duitsland
8%
Noem de dorpen van/op het eiland Texel 3 Oudeschild
8%
Hoeveel mensen wonen op Texel 14000
0%
Hoeveel vliegtuigen vliegen per dag over de wereld, we nemen het hoogste getal.(2023) 250.000
0%
Hoeveel daarvan waren militaire vliegtuigen (2013) 28600
0%
Hoeveel slaap plekken zijn er daarnaast nog 45000
0%
Hoeveel vliegtuigen zijn er op de wereld, dan wel die, die in staat zijn veilig te vliegen(2013) 82000
0%
Hoe heette dit verblijf voor 1953 Camp Shangri-La
0%
Hoe heet het landgoed van het koninkrijk dat in Lage Vuursche ligt Drakestein
0%
Geen overeenkomende quizzen gevonden
Scoreverdeling
Procent van Mensen met Elke Score
Percentiel versus Aantal Correcte Antwoorden
Uw Scoregeschiedenis
U heeft deze quiz nog niet genomen